Catálogo

LOS ESTADOS FINANCIEROS Y SUS ANALISIS (Registro nro. 9266)

Detalles MARC
000 -LEADER
fixed length control field 00472nam a2200169 a 4500
001 - CONTROL NUMBER
control field 9266
005 - DATE AND TIME OF LATEST TRANSACTION
control field 20180713193241.0
008 - FIXED-LENGTH DATA ELEMENTS--GENERAL INFORMATION
fixed length control field 140415s1993 mx 000 0 spa d
041 ## - LANGUAGE CODE
Language code of text/sound track or separate title spa
082 ## - DEWEY DECIMAL CLASSIFICATION NUMBER
Classification number 332
Item number GUT
100 1# - MAIN ENTRY--PERSONAL NAME
Personal name GUTIERREZ, ALFREDO F.
245 14 - TITLE STATEMENT
Title LOS ESTADOS FINANCIEROS Y SUS ANALISIS
260 ## - PUBLICATION, DISTRIBUTION, ETC.
Place of publication, distribution, etc. MEXICO :
Name of publisher, distributor, etc. FONDO DE CULTURA ECONOMICA,
Date of publication, distribution, etc. 1993
300 ## - PHYSICAL DESCRIPTION
Extent 333
490 ## - SERIES STATEMENT
Series statement SECCION DE OBRAS DE ECONOMIA
650 14 - SUBJECT ADDED ENTRY--TOPICAL TERM
Topical term or geographic name entry element ECONOMIA
General subdivision FINANZAS
Existencias
Withdrawn status Lost status Source of classification or shelving scheme Damaged status Not for loan Collection code Home library Current library Shelving location Date acquired Source of acquisition Inventory number Total Checkouts Full call number Barcode Date last seen Price effective from Koha item type
    Dewey Decimal Classification     General Biblioteca Karol Wojtyla Biblioteca Karol Wojtyla Sala general 03/12/2013 Compra 151000000000000000049160   332 GUT 23424 05/01/2026 03/12/2013 Libro
    Dewey Decimal Classification     General Biblioteca Karol Wojtyla Biblioteca Karol Wojtyla Sala general 03/12/2013 Compra 151000000000000000049159   332 GUT 23423 05/01/2026 03/12/2013 Libro